• AIU
  • Tony Wilmot Memorial Library

School digest. (Record no. 58575)

MARC details
000 -LEADER
fixed length control field 00865cas a2200289 a 4500
001 - CONTROL NUMBER
control field 12511043
005 - DATE AND TIME OF LATEST TRANSACTION
control field 20140214095318.0
008 - FIXED-LENGTH DATA ELEMENTS--GENERAL INFORMATION
fixed length control field 010822c19979999ke tr p 0 0eng
010 ## - LIBRARY OF CONGRESS CONTROL NUMBER
LC control number 98980528
035 ## - SYSTEM CONTROL NUMBER
System control number (OCoLC)ocm47822107
037 ## - SOURCE OF ACQUISITION
Source of stock number/acquisition The Managing Editor, School Digest, P.O. Box 56919, Nairobi, Kenya
040 ## - CATALOGING SOURCE
Original cataloging agency DLC
Language of cataloging eng
Transcribing agency DLC
Modifying agency OCoLC
042 ## - AUTHENTICATION CODE
Authentication code pcc
043 ## - GEOGRAPHIC AREA CODE
Geographic area code f-ke---
050 00 - LIBRARY OF CONGRESS CALL NUMBER
Classification number LA1560
Item number .S36
245 00 - TITLE STATEMENT
Title School digest.
260 ## - PUBLICATION, DISTRIBUTION, ETC. (IMPRINT)
Place of publication, distribution, etc Nairobi, Kenya :
Name of publisher, distributor, etc Press Kit,
Date of publication, distribution, etc c1997-
300 ## - PHYSICAL DESCRIPTION
Extent v. :
Other physical details ill. ;
Dimensions 26 cm.
310 ## - CURRENT PUBLICATION FREQUENCY
Current publication frequency Three times a year
362 0# - DATES OF PUBLICATION AND/OR SEQUENTIAL DESIGNATION
Dates of publication and/or sequential designation No. 1 (May-Aug. 1997)-
500 ## - GENERAL NOTE
General note Title from cover.
650 #0 - SUBJECT ADDED ENTRY--TOPICAL TERM
Topical term or geographic name as entry element Education
Geographic subdivision Kenya
Form subdivision Periodicals.
9 (RLIN) 24848
906 ## - LOCAL DATA ELEMENT F, LDF (RLIN)
a 7
b cbc
c serials
d 2
e ncip
f 19
g n-oclcserc
942 ## - ADDED ENTRY ELEMENTS (KOHA)
Source of classification or shelving scheme Library of Congress Classification
Item type Periodicals
Serial record 1
Holdings
Withdrawn status Lost status Source of classification or shelving scheme Damaged status Not for loan Collection code Home library Current library Shelving location Date acquired Total Checkouts Full call number Date last seen Price effective from Koha item type
    Library of Congress Classification     Serials AIU/NEGST - Tony Wilmot Memorial Library AIU/NEGST - Tony Wilmot Memorial Library Serials 02/14/2014   LA1560 .S36 02/14/2014 02/14/2014 Periodicals